000 00607nam a2200229 a 4500
001 BRCA_7840
005 20190320210022.0
008 071113s1966----gw-a######---#000-0#ger-#
041 _ager
044 _agw
050 4 _aNC1509
_b.Z55 1966
100 1 _aZille, Heinrich
_d1858-1929
_912389
245 1 0 _aKinder der Strasse
_cvon H. Zille.
260 _aHannover, Alemania
_bFackeltrager
_c1966
300 _a100 p.
_bil.
_c23 cm.
500 _aY53
650 1 4 _aDibujantes alemanes
_910287
650 1 4 _aDibujos alemanes
_913610
650 1 4 _aHumorismo alemán
_96123
902 _aGFM
942 _2lcc
_cB
999 _c7514
_d7514